000 00479nam a2200181 i 4500
001 99245
003 ES-MaACL
005 20230906182451.0
007 t|
008 050906s1972 sp ||||1| spa d
100 1 _aMartín López, Enrique.
_977541
245 1 0 _aSociología general /
_cEnrique Martín López.
260 _aBarcelona :
_b[s.n.],
_c1969.
300 _a1 v. ;
_c22 cm.
500 _aMultioffset.
505 8 _aEs el T.I
852 _aES-MaACL
_jP-1703
_bR.70528
999 _c99245
_d99245